[Event "32. Open Barbera del Valles 2009"]
[Site "Barbera del Valles ESP"]
[Date "2009.07.04"]
[Round "1.1"]
[White "Schneider, Veronika"]
[Black "Balogh, Csaba"]
[Result "1/2-1/2"]
[WhiteElo "2301"]
[BlackElo "2595"]
[PlyCount "62"]
[EventDate "2009.07.04"]
[EventType "swiss"]
[EventRounds "9"]
[EventCountry "ESP"]
[Source "lmi"]
[SourceDate "2009.07.04"]

1. e4 e6 2. d4 d5 3. Nd2 c5 4. Ngf3 cxd4 5. Nxd4 Nc6 6. Nxc6 bxc6 7. c4 Nf6 8.
exd5 cxd5 9. Be2 Be7 10. O-O O-O 11. cxd5 Nxd5 12. Bf3 Ba6 13. Re1 Rc8 14. Qa4
Nb4 15. Ne4 Bd3 16. Rd1 Qc7 17. b3 Nc2 18. Rxd3 Nxa1 19. Bb2 Rfd8 20. Rc3 Qf4
21. g3 Qf5 22. Rxc8 Rxc8 23. Qd7 Rf8 24. Bg2 Bf6 25. Bxf6 gxf6 26. Qd4 Nc2 27.
Qc3 Rd8 28. Qxc2 Qe5 29. h4 h6 30. Qc1 f5 31. Nc5 Kg7 1/2-1/2

[Event "32. Open Barbera del Valles 2009"]
[Site "Barbera del Valles ESP"]
[Date "2009.07.04"]
[Round "1.3"]
[White "Massoni, Michael"]
[Black "Moskalenko, Viktor"]
[Result "0-1"]
[WhiteElo "2291"]
[BlackElo "2558"]
[PlyCount "60"]
[EventDate "2009.07.04"]
[EventType "swiss"]
[EventRounds "9"]
[EventCountry "ESP"]
[Source "lmi"]
[SourceDate "2009.07.04"]

1. e4 e6 2. d4 d5 3. Nc3 Bb4 4. e5 c5 5. a3 Bxc3+ 6. bxc3 Qa5 7. Qd2 Nc6 8. Nf3
Nge7 9. a4 Bd7 10. dxc5 Qc7 11. Qg5 Ng6 12. Rb1 O-O 13. Nd4 b6 14. Ba3 bxc5 15.
Bxc5 Rfb8 16. Nb5 Qxe5+ 17. Qxe5 Ncxe5 18. Rb3 Rc8 19. Bd6 Nc4 20. Bg3 a6 21.
Na3 Na5 22. Kd2 Bxa4 23. Rb6 Nc4+ 24. Bxc4 dxc4 25. Rhb1 h5 26. R1b4 Bc6 27.
Rxc4 Bxg2 28. Rxa6 Rd8+ 29. Rd6 h4 30. Rcd4 Re8 0-1

[Event "32. Open Barbera del Valles 2009"]
[Site "Barbera del Valles ESP"]
[Date "2009.07.04"]
[Round "1.5"]
[White "Ravot, Sylvain"]
[Black "Cruz, Cristhian"]
[Result "1-0"]
[WhiteElo "2276"]
[BlackElo "2525"]
[PlyCount "81"]
[EventDate "2009.07.04"]
[EventType "swiss"]
[EventRounds "9"]
[EventCountry "ESP"]
[Source "lmi"]
[SourceDate "2009.07.04"]

1. e4 c5 2. Nf3 d6 3. d4 Nf6 4. Nc3 cxd4 5. Nxd4 a6 6. Bg5 e6 7. f4 Qc7 8. Qf3
b5 9. Bxf6 gxf6 10. a3 Bb7 11. O-O-O Nd7 12. f5 e5 13. Nb3 Rc8 14. Kb1 Be7 15.
Be2 Nb6 16. Rd3 Na4 17. Rc1 Nb6 18. Qg4 Kd7 19. Qh5 Rcf8 20. Rg3 Kc8 21. Rd1 h6
22. Na5 Ba8 23. Nxb5 axb5 24. Rc3 Nc4 25. Nxc4 bxc4 26. Bxc4 Kd8 27. Bxf7 Qb6
28. Be6 Bc6 29. Qe2 Bd7 30. Qc4 Qb7 31. Rd5 Ke8 32. Rb3 Qa7 33. Qc3 Rh7 34. Qg3
Rhh8 35. Qc3 Rh7 36. Ra5 Qg1+ 37. Ka2 Bd8 38. Ra8 Qd4 39. Qxd4 exd4 40. Rbb8
Ke7 41. Bxd7 1-0

[Event "32. Open Barbera del Valles 2009"]
[Site "Barbera del Valles ESP"]
[Date "2009.07.04"]
[Round "1.6"]
[White "Almeida Quintana, Omar"]
[Black "Lasinskas, Povilas"]
[Result "1-0"]
[WhiteElo "2524"]
[BlackElo "2268"]
[PlyCount "65"]
[EventDate "2009.07.04"]
[EventType "swiss"]
[EventRounds "9"]
[EventCountry "ESP"]
[Source "lmi"]
[SourceDate "2009.07.04"]

1. d4 Nf6 2. Nf3 e6 3. c4 Bb4+ 4. Nbd2 O-O 5. a3 Bxd2+ 6. Bxd2 b6 7. Bg5 Bb7 8.
e3 d6 9. Bd3 Nbd7 10. Qc2 h6 11. Bh4 Qe7 12. O-O Rfe8 13. Nd2 e5 14. Bf5 g5 15.
Bg3 Nf8 16. d5 Bc8 17. f3 Bxf5 18. Qxf5 Kg7 19. f4 exf4 20. exf4 Qe3+ 21. Rf2
N8h7 22. fxg5 hxg5 23. Raf1 Re7 24. Nf3 Ne4 25. Re1 Qd3 26. Be5+ dxe5 27. Rxe4
f6 28. h4 Rf8 29. Kh2 b5 30. Rd2 Qb3 31. Nd4 Qa2 32. Ne6+ Kh8 33. Nxf8 1-0

[Event "32. Open Barbera del Valles 2009"]
[Site "Barbera del Valles ESP"]
[Date "2009.07.04"]
[Round "1.7"]
[White "Kulkarni, Chinmay"]
[Black "Cuartas, Jaime Alexander"]
[Result "1/2-1/2"]
[WhiteElo "2259"]
[BlackElo "2521"]
[PlyCount "97"]
[EventDate "2009.07.04"]
[EventType "swiss"]
[EventRounds "9"]
[EventCountry "ESP"]
[Source "lmi"]
[SourceDate "2009.07.04"]

1. e4 c6 2. d4 d5 3. Nc3 dxe4 4. Nxe4 Nf6 5. Nxf6+ exf6 6. Nf3 Bd6 7. Be2 O-O
8. O-O Re8 9. b3 Nd7 10. Bb2 Nf8 11. Re1 Bg4 12. Nd2 Be6 13. Ne4 Bc7 14. Bf3
Bd5 15. c4 f5 16. Nd2 Be6 17. d5 Bd7 18. Qc2 Qg5 19. g3 f4 20. Bg2 fxg3 21.
hxg3 cxd5 22. cxd5 Ba5 23. Rxe8 Rxe8 24. Nc4 Bf5 25. Qd1 Re1+ 26. Qxe1 Bxe1 27.
Rxe1 b5 28. Re8 bxc4 29. Ba3 h5 30. Rxf8+ Kh7 31. bxc4 h4 32. gxh4 Qg6 33. h5
Qxh5 34. Bd6 Qd1+ 35. Kh2 Qe2 36. Bg3 Qe7 37. Rb8 Qf6 38. Rb7 a5 39. Rc7 Qh6+
40. Kg1 Qc1+ 41. Kh2 f6 42. d6 Qh6+ 43. Kg1 Qd2 44. c5 Qc1+ 45. Kh2 Qh6+ 46.
Kg1 Qc1+ 47. Kh2 Qh6+ 48. Kg1 Qc1+ 49. Kh2 1/2-1/2

[Event "32. Open Barbera del Valles 2009"]
[Site "Barbera del Valles ESP"]
[Date "2009.07.04"]
[Round "1.9"]
[White "Canal Oliveras, Joan"]
[Black "Sundararajan, Kidambi"]
[Result "1/2-1/2"]
[WhiteElo "2248"]
[BlackElo "2506"]
[PlyCount "65"]
[EventDate "2009.07.04"]
[EventType "swiss"]
[EventRounds "9"]
[EventCountry "ESP"]
[Source "lmi"]
[SourceDate "2009.07.04"]

1. e4 e5 2. f4 exf4 3. Bc4 Nf6 4. Nc3 c6 5. Bb3 d5 6. exd5 cxd5 7. d4 Bd6 8.
Nge2 O-O 9. O-O f3 10. Rxf3 Bg4 11. Rf2 Nc6 12. Bg5 Bxe2 13. Rxe2 h6 14. Bxf6
Qxf6 15. Nxd5 Qxd4+ 16. Qxd4 Nxd4 17. Rd2 Bc5 18. Kf1 Rae8 19. c3 Nxb3 20. axb3
Re5 21. g3 Rfe8 22. b4 Bb6 23. Nxb6 axb6 24. Rad1 R8e6 25. Rf2 f6 26. Rd7 Re1+
27. Kg2 Re7 28. Rxe7 Rxe7 29. Rd2 Kf7 30. Rd6 Re6 31. Rd7+ Re7 32. Rd6 Re6 33.
Rd7+ 1/2-1/2

[Event "32. Open Barbera del Valles 2009"]
[Site "Barbera del Valles ESP"]
[Date "2009.07.04"]
[Round "1.12"]
[White "Garcia Roman, Daniel"]
[Black "Sanchez Jerez, Emilio Miguel"]
[Result "0-1"]
[WhiteElo "2464"]
[BlackElo "2212"]
[PlyCount "106"]
[EventDate "2009.07.04"]
[EventType "swiss"]
[EventRounds "9"]
[EventCountry "ESP"]
[Source "lmi"]
[SourceDate "2009.07.04"]

1. d4 Nf6 2. c4 g6 3. Nc3 Bg7 4. e4 d6 5. f3 O-O 6. Be3 Nc6 7. Nge2 a6 8. Nc1
e5 9. d5 Nd4 10. N1e2 Nxe2 11. Bxe2 c5 12. dxc6 bxc6 13. Qd2 Rb8 14. Rd1 Qa5
15. O-O Rd8 16. b3 Be6 17. Kh1 Qb4 18. Na4 a5 19. Qc2 Qb7 20. Bb6 Qe7 21. Bxa5
Rd7 22. Bd2 d5 23. Be3 d4 24. Bg5 h6 25. Bxf6 Bxf6 26. c5 Rb4 27. Nb6 Ra7 28.
g3 Bh3 29. Rf2 Bg5 30. Bf1 Be6 31. f4 exf4 32. gxf4 Bh4 33. f5 Bxf2 34. Qxf2
Qxc5 35. fxe6 Rxb6 36. Bc4 fxe6 37. Qf6 Kh7 38. Qxe6 Rb8 39. Qf6 Rf8 40. Qe6
Re7 41. Qg4 Qe5 42. Bd3 Rf4 43. Qg2 Ref7 44. Rg1 R7f6 45. Qg3 c5 46. a4 Kg7 47.
a5 g5 48. Re1 c4 49. Bxc4 Qxa5 50. e5 R6f5 51. e6 Rf2 52. Rg1 Qa8+ 53. Rg2 Rf1+
0-1

[Event "32. Open Barbera del Valles 2009"]
[Site "Barbera del Valles ESP"]
[Date "2009.07.04"]
[Round "1.15"]
[White "Capellades Subirana, Marc"]
[Black "Rojas Keim, Luis"]
[Result "0-1"]
[WhiteElo "2210"]
[BlackElo "2453"]
[PlyCount "104"]
[EventDate "2009.07.04"]
[EventType "swiss"]
[EventRounds "9"]
[EventCountry "ESP"]
[Source "lmi"]
[SourceDate "2009.07.04"]

1. e4 d5 2. exd5 Qxd5 3. Nc3 Qa5 4. Bc4 Nf6 5. Nf3 Bg4 6. h3 Bh5 7. g4 Bg6 8.
d3 c6 9. Bd2 Qc7 10. Qe2 Nbd7 11. a4 e6 12. O-O-O O-O-O 13. Nh4 Bd6 14. Ng2 Nd5
15. Bxd5 exd5 16. Nh4 Rde8 17. Qf3 d4 18. Na2 Nc5 19. a5 Qe7 20. Nf5 Bxf5 21.
Qxf5+ Qe6 22. Qxe6+ fxe6 23. Rde1 Rhf8 24. Re2 Rf3 25. Kd1 Kd7 26. Bb4 b6 27.
axb6 axb6 28. Bxc5 Bxc5 29. Nc1 Ref8 30. Ke1 h5 31. Nb3 hxg4 32. Nxc5+ bxc5 33.
hxg4 R3f4 34. Rh4 Kd6 35. b3 R8f6 36. g5 Rxh4 37. gxf6 gxf6 38. Kf1 Rh1+ 39.
Kg2 Rc1 40. Kh2 Ra1 41. Kg2 Ra8 42. Re1 e5 43. Kf3 Ra2 44. Re2 f5 45. Rd2 Rb2
46. Ke2 e4 47. Kd1 Rb1+ 48. Ke2 Ke5 49. dxe4 fxe4 50. Rd1 Rb2 51. Kd2 d3 52.
Rc1 Kf4 0-1

[Event "32. Open Barbera del Valles 2009"]
[Site "Barbera del Valles ESP"]
[Date "2009.07.04"]
[Round "1.16"]
[White "Fluvia Poyatos, Jordi"]
[Black "Garcia Gil, Javier"]
[Result "1-0"]
[WhiteElo "2449"]
[BlackElo "2203"]
[PlyCount "63"]
[EventDate "2009.07.04"]
[EventType "swiss"]
[EventRounds "9"]
[EventCountry "ESP"]
[Source "lmi"]
[SourceDate "2009.07.04"]

1. e4 d6 2. d4 Nf6 3. Nc3 g6 4. Be3 Bg7 5. f3 c6 6. Qd2 e5 7. dxe5 dxe5 8.
Qxd8+ Kxd8 9. O-O-O+ Nbd7 10. Bc4 Ke8 11. g4 Nf8 12. h4 Be6 13. Be2 h5 14. g5
Ng8 15. Nh3 Bxh3 16. Rxh3 Ne6 17. Bc4 Ne7 18. Ne2 b6 19. f4 Rd8 20. Rf1 exf4
21. Nxf4 Rd6 22. Nxe6 fxe6 23. Rf6 Bxf6 24. gxf6 Nd5 25. exd5 exd5 26. Bd3 Kf7
27. Bg5 Rg8 28. c4 Re8 29. cxd5 cxd5 30. Kd2 Rde6 31. Bb5 Rd8 32. Rc3 1-0

[Event "32. Open Barbera del Valles 2009"]
[Site "Barbera del Valles ESP"]
[Date "2009.07.04"]
[Round "1.17"]
[White "Colon Garcia, Enrique"]
[Black "Asis Gargatagli, Hipolit"]
[Result "0-1"]
[WhiteElo "2173"]
[BlackElo "2439"]
[PlyCount "60"]
[EventDate "2009.07.04"]
[EventType "swiss"]
[EventRounds "9"]
[EventCountry "ESP"]
[Source "lmi"]
[SourceDate "2009.07.04"]

1. e4 c5 2. Nf3 d6 3. d4 Nf6 4. Nc3 cxd4 5. Nxd4 g6 6. g3 Nc6 7. Bg2 Nxd4 8.
Qxd4 Bg7 9. O-O O-O 10. Qb4 Qc7 11. Bg5 Be6 12. Nd5 Bxd5 13. exd5 a5 14. Qd2 b5
15. Rfe1 Rfe8 16. Re2 Ng4 17. Rae1 Bf6 18. h3 Bxg5 19. Qxg5 Nf6 20. h4 Ra7 21.
Bf3 Kg7 22. h5 h6 23. Qf4 g5 24. Qf5 Qd7 25. Re6 Rh8 26. Rxf6 exf6 27. Qe4 Raa8
28. Bg4 Qc7 29. Qe7 Qxe7 30. Rxe7 f5 0-1

[Event "32. Open Barbera del Valles 2009"]
[Site "Barbera del Valles ESP"]
[Date "2009.07.04"]
[Round "1.18"]
[White "Bregadze, Levan"]
[Black "Abhishek, Kelkar"]
[Result "1-0"]
[WhiteElo "2426"]
[BlackElo "2158"]
[PlyCount "57"]
[EventDate "2009.07.04"]
[EventType "swiss"]
[EventRounds "9"]
[EventCountry "ESP"]
[Source "lmi"]
[SourceDate "2009.07.04"]

1. d4 d5 2. c4 e6 3. Nf3 c5 4. e3 Nc6 5. cxd5 exd5 6. Bb5 Nf6 7. O-O Bd6 8.
dxc5 Bxc5 9. b3 O-O 10. Bb2 Bg4 11. Be2 Re8 12. Nc3 a6 13. h3 Bh5 14. Nh4 Bxe2
15. Nxe2 Bb6 16. Nf5 Qd7 17. Nh6+ gxh6 18. Bxf6 Re6 19. Bb2 Bc7 20. Nd4 Rg6 21.
Qh5 Qd6 22. f4 Nxd4 23. Bxd4 Re8 24. Rad1 b5 25. Kh1 Qe6 26. Be5 Bb6 27. Qf3 f5
28. Rxd5 Qc6 29. Rfd1 1-0

[Event "32. Open Barbera del Valles 2009"]
[Site "Barbera del Valles ESP"]
[Date "2009.07.04"]
[Round "1.22"]
[White "Mihailovs, Jurijs"]
[Black "Herms Agullo, Jordi"]
[Result "1-0"]
[WhiteElo "2408"]
[BlackElo "2141"]
[PlyCount "63"]
[EventDate "2009.07.04"]
[EventType "swiss"]
[EventRounds "9"]
[EventCountry "ESP"]
[Source "lmi"]
[SourceDate "2009.07.04"]

1. d4 d5 2. c4 e5 3. dxe5 d4 4. Nf3 Nc6 5. Bg5 f6 6. exf6 Nxf6 7. g3 Be6 8.
Nbd2 Qd7 9. Bg2 O-O-O 10. O-O Bh3 11. Qb3 Be7 12. Ne5 Qe6 13. Nxc6 bxc6 14.
Bxh3 Qxh3 15. Bxf6 gxf6 16. Qf3 h5 17. Qxc6 h4 18. Qg2 Qg4 19. Qe4 Qh3 20. Qg2
Qg4 21. Qf3 Qh3 22. g4 Qxf3 23. exf3 h3 24. Rfe1 Bb4 25. Rad1 f5 26. Re5 Rhg8
27. Rxf5 Bxd2 28. Rxd2 Rge8 29. Kf1 Re7 30. Re2 d3 31. Rxe7 d2 32. Re1 1-0

[Event "32. Open Barbera del Valles 2009"]
[Site "Barbera del Valles ESP"]
[Date "2009.07.04"]
[Round "1.23"]
[White "Alonso Gonzalez, Carlos"]
[Black "Perez Mitjans, Orelvis"]
[Result "0-1"]
[WhiteElo "2138"]
[BlackElo "2404"]
[PlyCount "68"]
[EventDate "2009.07.04"]
[EventType "swiss"]
[EventRounds "9"]
[EventCountry "ESP"]
[Source "lmi"]
[SourceDate "2009.07.04"]

1. e4 d5 2. exd5 Qxd5 3. Nc3 Qa5 4. d4 Nf6 5. Nf3 Bg4 6. h3 Bh5 7. g4 Bg6 8.
Ne5 e6 9. Bg2 c6 10. h4 Nbd7 11. Nxd7 Kxd7 12. Bd2 h5 13. g5 Nh7 14. d5 exd5
15. Nxd5 Re8+ 16. Ne3 Qa4 17. b3 Qf4 18. Bh3+ Kc7 19. O-O Qxh4 20. Ba5+ Kb8 21.
Qd7 Bc5 22. Bc7+ Ka8 23. Rad1 Qxg5+ 24. Bg2 Nf6 25. Qh3 Bxe3 26. fxe3 Bxc2 27.
Bf4 Qg6 28. Rd4 Be4 29. Rf2 Bxg2 30. Rxg2 Qb1+ 31. Kf2 Ng4+ 32. Ke2 Qxa2+ 33.
Rd2 Qxb3 34. Rg1 g5 0-1

[Event "32. Open Barbera del Valles 2009"]
[Site "Barbera del Valles ESP"]
[Date "2009.07.04"]
[Round "1.24"]
[White "Camarena Gimenez, Rufino"]
[Black "Ridameya Tatche, Jose Miguel"]
[Result "1-0"]
[WhiteElo "2402"]
[BlackElo "2123"]
[PlyCount "87"]
[EventDate "2009.07.04"]
[EventType "swiss"]
[EventRounds "9"]
[EventCountry "ESP"]
[Source "lmi"]
[SourceDate "2009.07.04"]

1. d4 Nf6 2. c4 e6 3. Nc3 d5 4. Bg5 Nbd7 5. e3 Be7 6. Nf3 O-O 7. Rc1 c6 8. Bd3
dxc4 9. Bxc4 Nd5 10. Bxe7 Qxe7 11. O-O Nxc3 12. Rxc3 e5 13. Bb3 e4 14. Nd2 Nf6
15. Qc2 Re8 16. Rc5 Qd8 17. Re5 Bd7 18. Nxe4 Rxe5 19. dxe5 Nxe4 20. Qxe4 Qe7
21. Rd1 Re8 22. Qd4 Be6 23. Bxe6 Qxe6 24. Qxa7 Qxe5 25. Qxb7 Qe4 26. Qd7 h6 27.
h3 Rb8 28. b3 Ra8 29. Qd2 Qe6 30. Qc2 g5 31. Rd4 c5 32. Rc4 Qe5 33. Rxc5 Qa1+
34. Kh2 Rxa2 35. Rc8+ Kg7 36. Qf5 Ra6 37. Qc5 Rf6 38. Qf8+ Kg6 39. Qg8+ Kh5 40.
f4 Qb2 41. Rc5 Rg6 42. Qxf7 Qd2 43. f5 Kh4 44. fxg6 1-0

[Event "32. Open Barbera del Valles 2009"]
[Site "Barbera del Valles ESP"]
[Date "2009.07.04"]
[Round "1.25"]
[White "Rafols Albet, Josep"]
[Black "Garcia Castro, Pablo"]
[Result "0-1"]
[WhiteElo "2105"]
[BlackElo "2390"]
[PlyCount "44"]
[EventDate "2009.07.04"]
[EventType "swiss"]
[EventRounds "9"]
[EventCountry "ESP"]
[Source "lmi"]
[SourceDate "2009.07.04"]

1. b3 e5 2. Bb2 Nc6 3. e3 Nf6 4. Bb5 Bd6 5. Nh3 Ne7 6. O-O Ng6 7. f4 c6 8. Be2
exf4 9. exf4 Bc5+ 10. d4 Bb6 11. f5 Ne7 12. c4 d5 13. g4 h5 14. g5 Ne4 15. Bxh5
Bxf5 16. Qf3 Qd7 17. cxd5 cxd5 18. Qe2 g6 19. Nf4 gxh5 20. Nxh5 O-O-O 21. Nf6
Nxf6 22. gxf6 Rdg8+ 0-1

[Event "32. Open Barbera del Valles 2009"]
[Site "Barbera del Valles ESP"]
[Date "2009.07.04"]
[Round "1.26"]
[White "Vehi Bach, Victor Manuel"]
[Black "Molano Lafuente, Ismael"]
[Result "1-0"]
[WhiteElo "2387"]
[BlackElo "2101"]
[PlyCount "79"]
[EventDate "2009.07.04"]
[EventType "swiss"]
[EventRounds "9"]
[EventCountry "ESP"]
[Source "lmi"]
[SourceDate "2009.07.04"]

1. e4 d6 2. d4 Nf6 3. Nc3 g6 4. Be3 c6 5. Qd2 Nbd7 6. h3 e5 7. Nf3 Qe7 8. Bd3
Bg7 9. O-O O-O 10. a4 b6 11. Rfe1 a6 12. Bg5 Bb7 13. d5 c5 14. Rab1 Rfc8 15.
Bf1 Qf8 16. g3 h6 17. Be3 Kh7 18. Nh4 Ng8 19. Kh2 Ne7 20. b4 c4 21. Bg2 Qe8 22.
f4 f6 23. Rf1 Qd8 24. Nf3 Qc7 25. fxe5 fxe5 26. h4 Rf8 27. Bh3 Bc8 28. Kg2 Nf6
29. Bxc8 Raxc8 30. Nh2 Neg8 31. Rf3 Nd7 32. Rbf1 Rxf3 33. Rxf3 Rf8 34. Qe2 Rxf3
35. Qxf3 Ngf6 36. g4 Nf8 37. Bxh6 Bxh6 38. Qxf6 Bd2 39. Qxf8 Bxc3 40. Nf3 1-0

[Event "32. Open Barbera del Valles 2009"]
[Site "Barbera del Valles ESP"]
[Date "2009.07.04"]
[Round "1.27"]
[White "Fabregas Fontanet, Antonio"]
[Black "Perpinya Rofes, Lluis Maria"]
[Result "0-1"]
[WhiteElo "2060"]
[BlackElo "2387"]
[PlyCount "60"]
[EventDate "2009.07.04"]
[EventType "swiss"]
[EventRounds "9"]
[EventCountry "ESP"]
[Source "lmi"]
[SourceDate "2009.07.04"]

1. e4 c5 2. Nf3 Nc6 3. d4 cxd4 4. Nxd4 Nf6 5. Nc3 d6 6. Be2 e6 7. O-O Be7 8. f4
a6 9. a4 Qc7 10. Be3 O-O 11. Bf3 Rd8 12. Nb3 d5 13. e5 d4 14. exf6 Bxf6 15. Ne4
dxe3 16. Nxf6+ gxf6 17. Qe1 Nd4 18. Nxd4 Rxd4 19. Qxe3 Rxf4 20. Be4 e5 21. g3
Rxf1+ 22. Rxf1 Kg7 23. g4 Bxg4 24. Kh1 Rg8 25. Qg3 Kh8 26. Qh4 f5 27. Bg2 Qd8
28. Qe1 Qf6 29. Bxb7 e4 30. Qe3 Qxb2 0-1

[Event "32. Open Barbera del Valles 2009"]
[Site "Barbera del Valles ESP"]
[Date "2009.07.04"]
[Round "1.31"]
[White "Castro Exposito, Cristobal"]
[Black "Lorenzo De La Riva, Lazaro"]
[Result "0-1"]
[WhiteElo "2027"]
[BlackElo "2331"]
[PlyCount "77"]
[EventDate "2009.07.04"]
[EventType "swiss"]
[EventRounds "9"]
[EventCountry "ESP"]
[Source "lmi"]
[SourceDate "2009.07.04"]

1. d4 Nf6 2. Bf4 g6 3. Nf3 Bg7 4. e3 O-O 5. Be2 d6 6. h3 c5 7. c4 Nbd7 8. O-O
Re8 9. Nc3 cxd4 10. exd4 Nb6 11. Rc1 Be6 12. b3 a6 13. Ng5 Bf5 14. Bf3 h6 15.
Nge4 Nxe4 16. Nxe4 Bxe4 17. Bxe4 d5 18. Bf3 Qd7 19. Qd2 g5 20. Be3 a5 21. c5
Nc8 22. Bh5 Rf8 23. f4 f6 24. h4 gxf4 25. Bxf4 Kh7 26. Qd3+ f5 27. Be5 Bxe5 28.
dxe5 e6 29. a4 Qg7 30. Qb5 Rg8 31. Bf3 Na7 32. Qxa5 Nc6 33. Qd2 Qxe5 34. Rce1
Qf6 35. Re3 Rg7 36. Rfe1 Nd4 37. Rd3 e5 38. Bd1 Rag8 39. Rxd4 0-1

[Event "32. Open Barbera del Valles 2009"]
[Site "Barbera del Valles ESP"]
[Date "2009.07.04"]
[Round "1.32"]
[White "Javakhadze, Zurab"]
[Black "Nadal Garcia, Lluis"]
[Result "1-0"]
[WhiteElo "2309"]
[BlackElo "2021"]
[PlyCount "53"]
[EventDate "2009.07.04"]
[EventType "swiss"]
[EventRounds "9"]
[EventCountry "ESP"]
[Source "lmi"]
[SourceDate "2009.07.04"]

1. Nf3 e6 2. g3 d5 3. c4 c6 4. Bg2 f5 5. O-O Nf6 6. b3 Bd6 7. Ba3 Bxa3 8. Nxa3
O-O 9. d4 Bd7 10. Nc2 Be8 11. Nce1 Nbd7 12. Nd3 Bh5 13. Rc1 Bxf3 14. exf3 Re8
15. Re1 Nf8 16. c5 Qc7 17. b4 N6d7 18. f4 Nf6 19. a4 N8d7 20. b5 g6 21. Rb1 Kf7
22. Qe2 Ne4 23. Rb3 Nef6 24. Bf1 Rab8 25. Nb4 cxb5 26. axb5 Ra8 27. Ra3 1-0

[Event "32. Open Barbera del Valles 2009"]
[Site "Barbera del Valles ESP"]
[Date "2009.07.05"]
[Round "2.1"]
[White "Garcia Castro, Pablo"]
[Black "Peralta, Fernando"]
[Result "1/2-1/2"]
[WhiteElo "2390"]
[BlackElo "2574"]
[PlyCount "59"]
[EventDate "2009.07.04"]
[EventType "swiss"]
[EventRounds "9"]
[EventCountry "ESP"]
[Source "lmi"]
[SourceDate "2009.07.04"]

1. e4 d6 2. d3 g6 3. g3 Bg7 4. Bg2 c5 5. Nc3 Nc6 6. Be3 Rb8 7. Qd2 b5 8. Nge2
b4 9. Nd1 Nd4 10. O-O e6 11. Nc1 Ne7 12. c3 Ndc6 13. Bh6 O-O 14. Bxg7 Kxg7 15.
Ne3 bxc3 16. bxc3 Ba6 17. f4 f5 18. Rf2 Qd7 19. Nb3 Bb7 20. g4 a5 21. gxf5 exf5
22. Nd5 Ba8 23. c4 a4 24. Qc3+ Kg8 25. Nd2 Nd4 26. Re1 Rf7 27. Nf1 Nxd5 28.
cxd5 Rbf8 29. e5 dxe5 30. Rxe5 1/2-1/2

[Event "32. Open Barbera del Valles 2009"]
[Site "Barbera del Valles ESP"]
[Date "2009.07.05"]
[Round "2.2"]
[White "Moskalenko, Viktor"]
[Black "Camarena Gimenez, Rufino"]
[Result "0-1"]
[WhiteElo "2558"]
[BlackElo "2402"]
[PlyCount "88"]
[EventDate "2009.07.04"]
[EventType "swiss"]
[EventRounds "9"]
[EventCountry "ESP"]
[Source "lmi"]
[SourceDate "2009.07.04"]

1. d4 d5 2. c4 c6 3. e3 Nf6 4. Nc3 g6 5. Nf3 Bg7 6. Bd3 Bg4 7. O-O O-O 8. h3
Bxf3 9. Qxf3 e6 10. Rd1 Nbd7 11. Qe2 Re8 12. b3 a6 13. Bb2 Rc8 14. Rac1 Bf8 15.
a3 Bd6 16. c5 Bb8 17. f4 Nh5 18. Qf3 f6 19. g4 Ng7 20. e4 dxe4 21. Nxe4 f5 22.
Nd6 Bxd6 23. cxd6 Nf6 24. d5 Nxd5 25. Be5 Rf8 26. Rd2 Qb6+ 27. Kh2 Rcd8 28. b4
Qe3 29. Qxe3 Nxe3 30. Kg3 Nd5 31. Re1 Ne8 32. h4 Nxd6 33. h5 gxh5 34. gxf5
Nxf5+ 35. Kh3 Nde3 36. Bc3 Kf7 37. Be2 Ng4 38. Bc4 Nfe3 39. Bb3 Rxd2 40. Bxd2
Rd8 41. Bxe3 Rd3 42. Kh4 Nxe3 43. Rb1 Nf5+ 44. Kxh5 Kf6 0-1

[Event "32. Open Barbera del Valles 2009"]
[Site "Barbera del Valles ESP"]
[Date "2009.07.05"]
[Round "2.3"]
[White "Lopez Martinez, Josep Manuel"]
[Black "Vehi Bach, Victor Manuel"]
[Result "1-0"]
[WhiteElo "2555"]
[BlackElo "2387"]
[PlyCount "73"]
[EventDate "2009.07.04"]
[EventType "swiss"]
[EventRounds "9"]
[EventCountry "ESP"]
[Source "lmi"]
[SourceDate "2009.07.04"]

1. e4 c5 2. Nf3 g6 3. d4 cxd4 4. Nxd4 Bg7 5. c4 Nc6 6. Be3 Nf6 7. Nc3 d6 8. Be2
O-O 9. O-O Bd7 10. Nc2 a5 11. Qd2 Be6 12. f4 a4 13. Rab1 Qa5 14. b4 axb3 15.
axb3 Rfc8 16. Kh1 Qd8 17. Bd3 b6 18. h3 Rcb8 19. Nd5 Ra2 20. Qe1 Bd7 21. Nc3
Raa8 22. Bg1 Nh5 23. Bh2 Nf6 24. Rd1 Ne8 25. e5 Qc8 26. Nd5 Be6 27. exd6 exd6
28. Be4 Ra7 29. Qe3 Bxd5 30. Bxd5 Nf6 31. Bf3 Re7 32. Qd3 Ne8 33. Ne3 Nb4 34.
Qd2 Qc5 35. Bg1 Qa5 36. f5 b5 37. Nd5 1-0

[Event "32. Open Barbera del Valles 2009"]
[Site "Barbera del Valles ESP"]
[Date "2009.07.05"]
[Round "2.5"]
[White "Fenollar Jorda, Manuel"]
[Black "Gonzalez Garcia, Jose"]
[Result "1/2-1/2"]
[WhiteElo "2341"]
[BlackElo "2509"]
[PlyCount "76"]
[EventDate "2009.07.04"]
[EventType "swiss"]
[EventRounds "9"]
[EventCountry "ESP"]
[Source "lmi"]
[SourceDate "2009.07.04"]

1. d4 Nf6 2. Nf3 e6 3. e3 c5 4. Bd3 Nc6 5. c3 d5 6. Nbd2 Bd6 7. O-O O-O 8. dxc5
Bxc5 9. e4 Qc7 10. Qe2 b6 11. e5 Ng4 12. Bxh7+ Kxh7 13. Ng5+ Kg8 14. Qxg4 Qxe5
15. Ndf3 Qf6 16. Qh5 Qh6 17. Qxh6 gxh6 18. Nh3 Kh7 19. Re1 a5 20. Nf4 d4 21.
Nd3 Bb7 22. cxd4 Nxd4 23. Nxd4 Bxd4 24. Be3 Rfd8 25. f3 Rac8 26. Kf2 Ba6 27.
Rad1 Rc2+ 28. Re2 Rxe2+ 29. Kxe2 Bxb2 30. Bxb6 Rd5 31. Ke3 Bc3 32. Nf2 Bc4 33.
Rxd5 exd5 34. a3 Bb2 35. Bxa5 Bxa3 36. Nd3 Bd6 37. g3 h5 38. Bb4 Bxd3 1/2-1/2

[Event "32. Open Barbera del Valles 2009"]
[Site "Barbera del Valles ESP"]
[Date "2009.07.05"]
[Round "2.7"]
[White "Lorenzo De La Riva, Lazaro"]
[Black "Ipatov, Alexander"]
[Result "1/2-1/2"]
[WhiteElo "2331"]
[BlackElo "2454"]
[PlyCount "82"]
[EventDate "2009.07.04"]
[EventType "swiss"]
[EventRounds "9"]
[EventCountry "ESP"]
[Source "lmi"]
[SourceDate "2009.07.04"]

1. e4 c5 2. Ne2 d6 3. g3 d5 4. Bg2 dxe4 5. Bxe4 Nf6 6. Bg2 Nc6 7. d3 e5 8. Nbc3
Bg4 9. h3 Be6 10. f4 Bd6 11. fxe5 Bxe5 12. Bf4 Nd5 13. Qd2 Nxf4 14. Nxf4 O-O
15. O-O Bd7 16. Rae1 Kh8 17. Bxc6 Bd4+ 18. Kh2 Bxc6 19. Ne4 b6 20. c3 Be5 21.
Nf2 Bc7 22. Ng4 Qg5 23. Ne3 Rad8 24. h4 Qe7 25. Ned5 Bxf4 26. Nxe7 Bxd2 27.
Nxc6 Bxe1 28. Nxd8 Bxc3 29. bxc3 Rxd8 30. Rxf7 h5 31. Rf3 g6 32. Kg2 Kg7 33.
Kf2 b5 34. Ke2 Re8+ 35. Kd2 Rf8 36. Rxf8 Kxf8 37. Ke3 Ke7 38. d4 cxd4+ 39. Kxd4
Kd6 40. a3 a6 41. c4 bxc4 1/2-1/2